000 00731cam a2200205 i 4500
005 20251204104604.0
008 250721s2003 sy gr 000 0 ara d
082 1 4 _a214.2/
_bس ك ن
100 1 _aالسكندري، لأبن عطاء الله
_eمؤلف.
245 1 0 _aالله القصد المجرد في معرفة الأسم المفرد /
_cلابن عطاء الله السكندري.
250 _aالطبعة الثالثة.
264 3 1 _aدمشق :
_bدار قتيبة،
_c2003.
300 _a108صفحة.
650 1 7 _aالعقيده الإسلاميه.
650 1 7 _aالآيات القرآنيه.
650 1 7 _aالله.
650 1 7 _aالتفسير.
942 _2ddc
_cBK
999 _c89072
_d89072